ၸိၼတ်ထပၵႃသၼီ (ဇိနတ္ထပကာသနီ) / (Record no. 25734)
[ view plain ]
| 000 -LEADER | |
|---|---|
| fixed length control field | 00867nam a22002297a 4500 |
| 003 - CONTROL NUMBER IDENTIFIER | |
| control field | OSt |
| 005 - DATE AND TIME OF LATEST TRANSACTION | |
| control field | 20260128094646.0 |
| 008 - FIXED-LENGTH DATA ELEMENTS--GENERAL INFORMATION | |
| fixed length control field | 230614b ||||| |||| 00| 0 eng d |
| 040 ## - CATALOGING SOURCE | |
| Transcribing agency | SSBUL |
| 082 ## - DEWEY DECIMAL CLASSIFICATION NUMBER | |
| Edition number | 23 |
| Classification number | 294.363 |
| 100 0# - MAIN ENTRY--PERSONAL NAME | |
| Personal name | ၼ်ေႃၶမ်း(မိုင်ႈၵိုင်)၊ |
| Titles and words associated with a name | ၸဝ်။ |
| 245 10 - TITLE STATEMENT | |
| Title | ၸိၼတ်ထပၵႃသၼီ (ဇိနတ္ထပကာသနီ) / |
| 250 ## - EDITION STATEMENT | |
| Edition statement | ပွၵ်းၵမ်းသီႇ |
| 260 ## - PUBLICATION, DISTRIBUTION, ETC. | |
| Place of publication, distribution, etc. | တႃႈၵုင်ႈ၊ |
| Name of publisher, distributor, etc. | တၢႆးယိၼ်းမေႇၸႃႇၸိၼ်ႇ၊ |
| Date of publication, distribution, etc. | 1994 ။ |
| 300 ## - PHYSICAL DESCRIPTION | |
| Extent | 373 ၼႃႈ၊ |
| Other physical details | ပႃးႁၢင်ႈ၊ |
| Dimensions | 25 ၸိၼ်ႇတီႇ။ |
| 500 ## - GENERAL NOTE | |
| General note | S-SAT: Dr. Prof Sai Aung Tun |
| 650 ## - SUBJECT ADDED ENTRY--TOPICAL TERM | |
| Topical term or geographic name entry element | ပိုၼ်းၽြႃးပဵၼ်ၸဝ်ႈ |
| 942 ## - ADDED ENTRY ELEMENTS (KOHA) | |
| Koha item type | Books (Long term) |
| 100 0# - MAIN ENTRY--PERSONAL NAME | |
| 9 (RLIN) | 25903 |
| 650 ## - SUBJECT ADDED ENTRY--TOPICAL TERM | |
| 9 (RLIN) | 22175 |
| Source of classification or shelving scheme | |
| Source of classification or shelving scheme | |
| Source of classification or shelving scheme | |
| Withdrawn status | Lost status | Source of classification or shelving scheme | Damaged status | Not for loan | Collection Code | Permanent Location | Current Location | Shelving location | Date acquired | Total Checkouts | Full call number | Barcode | Date last seen | Price effective from | Koha item type | Accession | Date last checked out | Copy number |
|---|---|---|---|---|---|---|---|---|---|---|---|---|---|---|---|---|---|---|
| Tai Collection | Shan State Buddhist University Library | Shan State Buddhist University Library | Tai Shelves | 14/06/2023 | 294.363 ၼ်ေႃ ႒႓႙႑(1) | SH00002391 | 14/06/2023 | 14/06/2023 | Books (Long term) | ႒႓႙႑(1) | ||||||||
| Tai Collection | Shan State Buddhist University Library | Shan State Buddhist University Library | Tai Shelves | 14/06/2023 | 3 | 294.363 ၼ်ေႃ ႒႓႙႒(2) | SH00002392 | 28/05/2024 | 14/06/2023 | Books (Long term) | ႒႓႙႒(2) | 15/05/2024 | ||||||
| Tai Collection | Shan State Buddhist University Library | Shan State Buddhist University Library | Tai Shelves | 14/06/2023 | 2 | 294.363 ၼ်ေႃ ႒႓႙႓(3) | SH00002393 | 26/06/2023 | 14/06/2023 | Books (Long term) | ႒႓႙႓(3) | 21/06/2023 | ||||||
| Tai Collection | Shan State Buddhist University Library | Shan State Buddhist University Library | Tai Shelves | 14/06/2023 | 294.363 ၼ်ေႃ ႔႔႑ | SH00000441 | 14/06/2023 | 14/06/2023 | Books (Long term) | ႔႔႑ | ||||||||
| Special Collections | Shan State Buddhist University Library | Shan State Buddhist University Library | Special Collection Shelves | 14/06/2023 | 294.363 ၼ်ေႃ ႑႗႓႒ S-SAT | SH00001732 | 14/06/2023 | 14/06/2023 | Book (Short term) | ႑႗႓႒ S-SAT | ||||||||
| Tai Collection | Shan State Buddhist University Library | Shan State Buddhist University Library | Tai Shelves | 07/08/2023 | 294.363 ၼေႃ် ႓႔႗႐(4) | SH00003470 | 07/08/2023 | 07/08/2023 | Books (Long term) | ႓႔႗႐(4) | 4 |